Obálka
Pro půjčování e-knih musíte být přihlášeni.
Jak si půjčit online?

Broučci /

Dramatizace jednoho ze základních děl české dětské literatury - pohádkového vyprávění evangelického kněze Jana Karafiáta o Broučkovi, o jeho tatínkovi a mamince, o jeho kamarádce Berušce, o jejím tatínkovi Kmotříčkovi a mamince Kmotřičce, o tetě Janince a dalších broučcích. . V nahrávce můžete slyše...

Celý popis

Uloženo v:
Hlavní autor: Karafiát, Jan (Autor)
Další autoři: Fialková, Drahomíra (Autor), Janoušková, Vlasta (Vypravěč-komentátor), Waleská, Blanka (Vypravěč-komentátor), Bohdalová, Jiřina (Vypravěč-komentátor), Filipovský, František (Vypravěč-komentátor), Smolík, František (Vypravěč-komentátor), Marvan, Jaroslav (Vypravěč-komentátor), Havelková, Libuše (Vypravěč-komentátor), Höger, Karel (Vypravěč-komentátor), Slunéčková, Karolína (Vypravěč-komentátor)
Médium: E-audiokniha
Vydáno: Praha : Supraphon a.s., 2012
Tagy:
Žádné tagy
LEADER 01993nim a22004337i 4500
001 313263
007 sr nunnnnnnned
024 |a 099925913021 
044 |a xr 
100 1 |a  Karafiát, Jan  |4 aut 
245 1 0 |a Broučci /  |c  Karafiát, Jan 
264 1 |a Praha :  |b Supraphon a.s.,  |c 2012 
300 |a 1 online zdroj (52 min., 24 sek.) 
336 |a mluvené slovo  |b spw  |2 rdacontent 
337 |a audio  |b s  |2 rdamedia 
338 |a online zdroj  |b cr  |2 rdacarrier 
505 0 0 |t 1. díl (5 min., 56 sek.) 
505 0 0 |t 2. díl (7 min., 28 sek.) 
505 0 0 |t 3. díl (7 min., 3 sek.) 
505 0 0 |t 4. díl (7 min., 8 sek.) 
505 0 0 |t 5. díl (5 min., 21 sek.) 
505 0 0 |t 6. díl (7 min., 26 sek.) 
505 0 0 |t 7. díl (5 min., 17 sek.) 
505 0 0 |t 8. díl (6 min., 49 sek.) 
520 2 |a Dramatizace jednoho ze základních děl české dětské literatury - pohádkového vyprávění evangelického kněze Jana Karafiáta o Broučkovi, o jeho tatínkovi a mamince, o jeho kamarádce Berušce, o jejím tatínkovi Kmotříčkovi a mamince Kmotřičce, o tetě Janince a dalších broučcích. . V nahrávce můžete slyšet Jaroslava Marvana, Jiřinu Bohdalovou, Františka Smolíka, Františka Filipovského a další. 
700 1 |a  Fialková, Drahomíra  |4 nrt 
700 1 |a  Janoušková, Vlasta  |4 nrt 
700 1 |a  Waleská, Blanka  |4 nrt 
700 1 |a  Bohdalová, Jiřina  |4 nrt 
700 1 |a  Filipovský, František  |4 nrt 
700 1 |a  Smolík, František  |4 nrt 
700 1 |a  Marvan, Jaroslav  |4 nrt 
700 1 |a  Havelková, Libuše  |4 nrt 
700 1 |a  Höger, Karel  |4 nrt 
700 1 |a  Slunéčková, Karolína  |4 nrt 
910 |a RBIT002 
998 |d 401607  |a https://core.palmknihy.cz/api/books/401607/cover?sbs28o  |b https://core.palmknihy.cz/api/books/401607/cover/400?sbs28o  |c https://core.palmknihy.cz/api/books/401607/cover/50?sbs28o  |e 2099-01-01  |i 099925913021  |l 3144  |q 49  |r 1  |s https://www.palmknihy.cz/kniha/401607  |t audiobook  |y 2012  |z 1 
999 |d 313261